00572nam a22001575i 4500001000700000003000900007005001700016008004100033040002000074100002000094245004000114260009900154300002200253752002400275852011500299164996ES-MaACL20230906213040.0050811s1896 fr | |||||||| ||fre d aCAM bspa cCAM1 aSchwob, Marcel.10aVies imaginaires / cMarcel Schwob. aParis : bBibliothèque-Charpentier, c1896 (eMayenne : fImprimerie de l'Ouest E. Soudée) a276 p. ; c18 cm. aFrancia - dParís aES-MaACLjF-3351 z-- Enc. tela conservando la cub. original z-- En la cub. original consta: Deuxième mille